01276nam a2200253Ia 4500008004100000020002800041020001500069050002600084082001600110100002900126240003900155245009600194260003300290300005100323490001500374500008000389505037600469650001400845700002800859700002700887700002800914700003200942700004800974120622s2001 mx a 000 0 spa d a9684442807 (serie AWLI) a968444358714aQA154.2 bS55818 2001 a512 bA394a1 aSmith, Stanley A.eautor aAddison-Wesley Algebra lespañol aÁlgebra c / Stanley A. Smith [et al.] ; traducción de Constancio Hernández García  aMéxicob : Pearsonc, 2001 a(pag. varía) 659 páginasb : ilustraciones aSerie AWLI aIncluye: glosario (pp. 618-623) Incluye: índice de materias (pp. 655-659) aIdea intuitiva de un conjunto Sistemas de numeración Introducción al álgebra Números enteros y racionales Ecuaciones Desigualdades Exponentes y polinomios Polinomios y factorización Gráficas y ecuaciones lineales Sistemas de ecuaciones Desigualdades y valor absoluto Expresiones y ecuaciones raciales Expresiones y ecuaciones raciales Ecuaciones cuadráticas14aÁLGEBRA aCharles, Randalleautor aDossey, Jhon A.eautor aKeedy, Mervin L.eautor aBittinger, Marvin L.eautor aHernández García, Constancioetraductor